000 00864namaa22001691 4500
001 174061
003 ES-MaACL
005 20230906215427.0
008 100210s1910 sp |||| | spa d
100 1 _aFernández-Shaw, Carlos,
_d1865-1911
_950098
245 1 3 _aLa tragedia del beso
_b: poema dramático en tres cantos : inspirado en la Comedia de Dante Alighieri (parte primera, el Infierno, canto V) /
_cCarlos Fernández Shaw.
260 _aMadrid :
_bSociedad de Autores Españoles,
_c1910 (
_fR. Velasco)
300 _a38 p., 2 h. ;
_c19 cm.
500 _aEn port.: Teatro de la Princesa - 14 de marzo de 1910.
852 _aES-MaACL
_jF-8649(6)
_z.- Enc. hol. conservando la cub. original
_z.- Enc. en un vol. facticio formando parte de la col. facticia "Teatro español moderno" v. 108
_z.- Dedicatoria autógrafa del autor
999 _c174061
_d174061